000 01732nam a22002657a 4500
005 20240117092422.0
008 130510s1936 ck ||||fr|||| 00| fdspa d
040 _cSandra Yazo (modificó)
_dSandra Yazo (modificó)
041 0 _aspa
082 0 4 _220
_a863.44
092 _aE52N054
100 1 _aGroot, José Manuel
_d1800-1878
_937281
245 1 0 _aCuadros de Costumbres.
_cPor José Manuel Groot.
260 _aBogotá (Colombia)
_bEditorial Minerva S. A.
_c1936
300 _a149, [1] páginas
_c18 x 14 cm.
490 0 _aBiblioteca Aldeana de Colombia
_v21
500 _aDetalles físicos: Sin encuadernación original. Actualmente: Encuadernación rígida (holandesa) en cartón forrado en papel jaspeado en tono azul. Lomo de tela, con letras y líneas decorativas en dorado. Cortes decorados (jaspeado azul). Guardas. Hoja de cortesía. Portada impresa en una sola tinta. Grabado con el emblema de la Colección. Texto impreso en una sola columna, con diferentes tipos y tamaños de letra. Notas de pie de página. Papel oxidado en bordes de las hojas. En la encuadernación (lomo) se indica una numeración (21). Colección Aldeana de Colombia es una selección de Samper Ortega de Literatura Colombiana.
505 0 _aJosé Manuel Groot / José María Samper ; Cuadros de Costumbres: La tienda de don Antuco ; Nos fuimos a Ubaque ; Nos quedamos en Chipaque ; Llegamos a Ubaque ; Costumbres de antaño ; La Junta Vecinal ; La Barbería.
506 _aConsulta en sala
650 7 _aNovela colombiana
_920483
_ySiglo XIX
650 7 _aNovela costumbrista
_959385
651 _aColombia
_xVida social y costumbres
_968071
690 _aLiteratura colombiana
_918629
942 _cLIBRO
_e1
_2LOCAL
_hE52N054
999 _c323359
_d323359